Indicios para la reconstrucción de clasificadores en el sintagma nominal protochibcha /
Збережено в:
| Автор: | |
|---|---|
| Формат: | Невідомо |
| Мова: | Spanish |
| Предмети: | |
| Теги: |
Додати тег
Немає тегів, Будьте першим, хто поставить тег для цього запису!
|
MARC
| LEADER | 000000000a22000000004500 | ||
|---|---|---|---|
| 001 | 009007 | ||
| 041 | 0 | |a spa | |
| 100 | 1 | |a Constenla Umaña, Adolfo | |
| 245 | 1 | 0 | |a Indicios para la reconstrucción de clasificadores en el sintagma nominal protochibcha / |c Adolfo Constenla Umaña. |
| 310 | |a semestral | ||
| 650 | 4 | |a LENGUA CHIBCHA | |
| 650 | 4 | |a INVESTIGACIONES | |
| 773 | 0 | |x 0377-628X |d San José, Costa Rica : Editorial Universidad de Costa Rica |t Revista de Filología y Lingüística de la Universidad de Costa Rica |g volumen 14, número 2 (1988), páginas 111-118 | |
| 942 | |c ARC | ||
| 999 | |c 14942 |d 14942 | ||
